Official Report of Debates Parliamentary Assembly

Salvato in:
Dettagli Bibliografici
Natura: Libro
Lingua:inglese
Pubblicazione: Strasbourg Council of Europe 1982
Tags: Aggiungi Tag
Nessun Tag, puoi essere il primo ad aggiungerne!!

MARC

LEADER 00000nam a2200000 4500
001 c130611
005 20250605081928.6
041 0 |a eng 
044 |a FR 
245 1 0 |a Official Report of Debates  |b Parliamentary Assembly 
264 1 |a Strasbourg  |b Council of Europe  |c 1982 
300 |a S. 217-620